<?xml version="1.0" encoding="UTF-8"?>
<record
    xmlns:xsi="http://www.w3.org/2001/XMLSchema-instance"
    xsi:schemaLocation="http://www.loc.gov/MARC21/slim http://www.loc.gov/standards/marcxml/schema/MARC21slim.xsd"
    xmlns="http://www.loc.gov/MARC21/slim">

  <leader>00365nam a2200133Ia 4500</leader>
  <controlfield tag="008">230511s2015    xx            000 0 und d</controlfield>
  <datafield tag="041" ind1=" " ind2=" ">
    <subfield code="a">eng</subfield>
  </datafield>
  <datafield tag="082" ind1=" " ind2=" ">
    <subfield code="a">333.30954</subfield>
  </datafield>
  <datafield tag="100" ind1=" " ind2=" ">
    <subfield code="a">Divekar G M </subfield>
  </datafield>
  <datafield tag="245" ind1=" " ind2=" ">
    <subfield code="a">Law and Practice of Property Transactions in india  </subfield>
  </datafield>
  <datafield tag="260" ind1=" " ind2=" ">
    <subfield code="a">Pune</subfield>
    <subfield code="b">Hind Law House</subfield>
    <subfield code="c">2015</subfield>
  </datafield>
  <datafield tag="300" ind1=" " ind2=" ">
    <subfield code="a">2944</subfield>
  </datafield>
  <datafield tag="906" ind1=" " ind2=" ">
    <subfield code="a">Property Transactions in India</subfield>
  </datafield>
  <datafield tag="999" ind1=" " ind2=" ">
    <subfield code="c">351723</subfield>
    <subfield code="d">351723</subfield>
  </datafield>
  <datafield tag="952" ind1=" " ind2=" ">
    <subfield code="0">0</subfield>
    <subfield code="1">0</subfield>
    <subfield code="4">0</subfield>
    <subfield code="7">0</subfield>
    <subfield code="a">NLK</subfield>
    <subfield code="b">NLK</subfield>
    <subfield code="c">R/6/A</subfield>
    <subfield code="d">2023-05-11</subfield>
    <subfield code="e">Bharati Madhyavarti Sahakari Grahak Bhandar Ltd.</subfield>
    <subfield code="g">2995.00</subfield>
    <subfield code="l">0</subfield>
    <subfield code="o">333.30954</subfield>
    <subfield code="p">NLK-7743</subfield>
    <subfield code="r">2023-05-11 00:00:00</subfield>
    <subfield code="w">2023-05-11</subfield>
    <subfield code="y">REF</subfield>
  </datafield>
</record>
